000 00491nam a2200157 i 4500
001 34115
003 ES-MaACL
005 20230906154858.0
007 t|
008 030204s1961 sp ||||1| spa d
100 1 _aBlanco Piñán, Salvador.
_929279
245 1 0 _aJuan XXIII a los seminaristas
_b: segunda parte de Sois la esperanza de la Iglesia /
_cpor Salvador Blanco Piñán.
260 _aMadrid :
_bFax,
_c[1961]
300 _a119 p. ;
_c18 cm.
852 _aES-MaACL
_jC-20859
_bR.49309
999 _c34115
_d34115